[Event "RUS-ch Seniors"]
[White "Kleimenov, Yury Afanasievich"]
[Black "Komarov, Anatoly"]
[Site "Odintsovo"]
[Round "3"]
[Result "1-0"]
[Date "2011.04.21"]
[WhiteElo "2099"]
[BlackElo "1955"]
[PlyCount "65"]
[EventDate "2011.04.19"]
[EventType "swiss"]
[EventRounds "9"]
[EventCountry "RUS"]
[SourceTitle "CBM 142 Extra"]
[Source "ChessBase"]
[SourceDate "2011.06.27"]
[SourceVersion "1"]
[SourceVersionDate "2011.06.27"]
[SourceQuality "1"]

1. Nf3 d5 2. c4 d4 3. b4 Bg4 4. Qa4+ c6 5. g3 Bxf3 6. exf3 e5 7. Bg2 Bd6 8. 0-0 Ne7 9. Bb2 0-0 10. f4 f6 11. fxe5 fxe5 12. d3 Nd7 13. Nd2 Nf6 14. Qb3 Kh8 15. a4 a5 16. Ba3 axb4 17. Bxb4 Rb8 18. Rfb1 c5 19. Ba3 Nc6 20. Qb5 Qa5 21. Ne4 Nxe4 22. Bxe4 Qxb5 23. Rxb5 Nb4 24. Bxb4 cxb4 25. c5 Be7 26. Rc1 Bg5 27. Rc2 h5 28. Bxb7 h4 29. Re2 hxg3 30. hxg3 Bf6 31. c6 Rf7 32. a5 Bd8 33. a6 1-0

[Event "Moscow op-E"]
[White "Gadzhiev, Farid"]
[Black "Komarov, Anatoly"]
[Site "Moscow"]
[Round "2.254"]
[Result "1-0"]
[Date "2011.01.30"]
[WhiteElo "1783"]
[BlackElo "1973"]
[PlyCount "51"]
[EventDate "2011.01.29"]
[EventType "swiss"]
[EventRounds "9"]
[EventCountry "RUS"]
[SourceTitle "EXT 2022"]
[Source "ChessBase"]
[SourceDate "2021.10.06"]
[SourceVersion "1"]
[SourceVersionDate "2021.10.06"]
[SourceQuality "1"]

1. e4 e5 2. Nf3 Nc6 3. Bc4 Nf6 4. Ng5 d5 5. exd5 Na5 6. Bb5+ c6 7. dxc6 bxc6 8. Bd3 Nd5 9. Nf3 Bd6 10. 0-0 Bg4 11. Re1 Nf4 12. Nxe5 Nxd3 13. Nxd3+ Be6 14. g3 0-0 15. Nc3 Re8 16. b3 Bf5 17. Rxe8+ Qxe8 18. Qf3 Qd7 19. Bb2 Bg4 20. Qe4 Re8 21. Qd4 c5 22. Nxc5 Bxc5 23. Qxc5 Bf3 24. Qb5 Qe6 25. Qf1 Nc6 26. Nd1 1-0

[Event "RUS-ch Seniors"]
[White "Khropov, Boris"]
[Black "Komarov, Anatoly"]
[Site "Zvenigorod"]
[Round "3"]
[Result "1/2-1/2"]
[Date "2005.11.30"]
[WhiteElo "2259"]
[BlackElo "2019"]
[PlyCount "30"]
[EventDate "2005.11.28"]
[EventType "swiss"]
[EventRounds "7"]
[EventCountry "RUS"]
[SourceTitle "EXT 2007"]
[Source "ChessBase"]
[SourceDate "2006.11.23"]
[SourceVersion "1"]
[SourceVersionDate "2006.11.23"]
[SourceQuality "1"]

1. Nf3 c5 2. e4 Nc6 3. d4 cxd4 4. Nxd4 g6 5. Be2 Bg7 6. Nxc6 bxc6 7. 0-0 Nf6 8. Nc3 0-0 9. Be3 d5 10. exd5 Nxd5 11. Nxd5 cxd5 12. c3 e5 13. Qd2 Be6 14. Bc5 Re8 15. Bb5 Bd7 1/2-1/2

[Event "Petrov Memorial op"]
[White "Komarov, Anatoly"]
[Black "Uchitel, Stas"]
[Site "St Petersburg"]
[Round "5"]
[Result "1-0"]
[Date "1998.??.??"]
[WhiteElo "2060"]
[BlackElo "2120"]
[PlyCount "107"]
[EventDate "1998.02.??"]
[EventType "swiss"]
[EventRounds "9"]
[EventCountry "RUS"]
[SourceTitle "EXT 1999"]
[Source "ChessBase"]
[SourceDate "1998.11.16"]
[SourceVersion "1"]
[SourceVersionDate "1998.11.16"]
[SourceQuality "1"]

1. d4 Nf6 2. c4 g6 3. Nc3 Bg7 4. e4 d6 5. Nf3 0-0 6. Be2 e5 7. 0-0 Nc6 8. d5 Ne7 9. b4 a5 10. bxa5 c5 11. Nd2 Rxa5 12. Nb3 Ra6 13. a4 Ne8 14. Bd2 f5 15. f3 f4 16. g4 fxg3 17. hxg3 Kh8 18. Kg2 Ng8 19. Rh1 Nef6 20. Rh4 Nh5 21. Qh1 Ngf6 22. Qh2 Kg8 23. Rh1 h6 24. f4 exf4 25. gxf4 Rb6 26. Nb5 Qe7 27. e5 dxe5 28. d6 Qe8 29. fxe5 Nh7 30. Bc3 Qc6+ 31. Kg1 Ng5 32. Nd2 Ra6 33. a5 b6 34. Nc7 Ra7 35. Nd5 Qa4 36. Ne7+ Kh7 37. Rxh5 gxh5 38. Bd3+ Bf5 39. Nxf5 Qd1+ 40. Kg2 Qg4+ 41. Qg3 Qxg3+ 42. Nxg3+ Kg8 43. Nxh5 Ne6 44. Rf1 bxa5 45. Rxf8+ Kxf8 46. Bf5 Nd8 47. Nxg7 Rxg7+ 48. Kf3 Rg5 49. Kf4 Nb7 50. Ne4 Rg1 51. e6 Rf1+ 52. Ke5 Nxd6 53. Nxd6 Ke7 54. Nc8+ 1-0

[Event "Petrov Memorial op"]
[White "Komarov, Anatoly"]
[Black "Vunder, Andrei"]
[Site "St Petersburg"]
[Round "3"]
[Result "0-1"]
[Date "1998.??.??"]
[WhiteElo "2060"]
[BlackElo "2310"]
[PlyCount "40"]
[EventDate "1998.02.??"]
[EventType "swiss"]
[EventRounds "9"]
[EventCountry "RUS"]
[SourceTitle "EXT 1999"]
[Source "ChessBase"]
[SourceDate "1998.11.16"]
[SourceVersion "1"]
[SourceVersionDate "1998.11.16"]
[SourceQuality "1"]

1. c4 e6 2. g3 d5 3. Bg2 Nf6 4. Nf3 Be7 5. 0-0 0-0 6. b3 c5 7. Bb2 Nc6 8. d3 Re8 9. e3 Bf8 10. Nc3 d4 11. exd4 cxd4 12. Nb5 e5 13. Ba3 Bxa3 14. Nxa3 Nd7 15. Nc2 Nc5 16. b4 Nxd3 17. Qxd3 e4 18. Qd2 exf3 19. Bxf3 Ne5 20. Bd5 Qxd5 0-1